Géographie par images en P - Statistiques

Statistiques générales
  • Ce quiz a été pris 646 fois
  • Le résultat moyen est 22 sur 30
Statistiques - réponses
Par images Hint Réponse % Correct
monument italien : la Tour de ... Pise
99%
pays d'Europe la Pologne
97%
le plus vaste océan du globe : l'océan ... Pacifique
97%
pays le Pérou
93%
chaîne montagneuse les Pyrénées
92%
île du Chili : île de ... Pâques
92%
pays le Paraguay
91%
capitale européenne Paris
90%
capitale asiatique Pékin
87%
département français le Pas-de-Calais
83%
pays d'Asie du Sud-Est les Philippines
82%
golfe de l'Océan Indien : le golfe ... Persique
82%
région française la Provence
80%
Etats des Etats-Unis la Pennsylvanie
79%
complexe pyramidal égyptien les pyramides de Gizeh
79%
pays le Panama
77%
archipel français la Polynésie française
71%
monument du Sud de la France le Pont du Gard
63%
territoire non incorporé des États-Unis Porto Rico
62%
volcan actif de l'île de La Réunion le piton de la Fournaise
61%
ancienne région administrative française la Picardie
60%
ville du Sud de la France Perpignan
60%
département français le Puy-de-Dôme
54%
ville du Nord-Est des Etats-Unis Philadelphie
53%
ville des Etats-Unis, capitale de l'Arizona Phoenix
52%
ville corse Porto-Vecchio
50%
ville du Centre-Ouest de la France Poitiers
49%
ville italienne Palerme
47%
ville des Etats-Unis dans l'Etat de l'Oregon Portland
46%
ville italienne Pompéi
42%
Aucun quiz correspondant
Distribution des résultats
% des personnes avec chaque résultat
Percentile par nombre de réponses
Votre historique - résultats
Vous n’avez pas pris ce quiz